Fermented Fruits And Vegetables A global Perspective (Record no. 3266)
[ view plain ]
| 000 -LEADER | |
|---|---|
| fixed length control field | 00296nam a22001337a 4500 |
| 020 ## - INTERNATIONAL STANDARD BOOK NUMBER | |
| International Standard Book Number | 92-5-104226-8 |
| 041 ## - LANGUAGE CODE | |
| Language code of text/sound track or separate title | ENG |
| 100 ## - MAIN ENTRY--PERSONAL NAME | |
| Personal name | Mike Battcock |
| 245 ## - TITLE STATEMENT | |
| Title | Fermented Fruits And Vegetables A global Perspective |
| 260 ## - PUBLICATION, DISTRIBUTION, ETC. (IMPRINT) | |
| Place of publication, distribution, etc | Rome |
| Name of publisher, distributor, etc | FAO |
| Date of publication, distribution, etc | 1998 |
| 300 ## - PHYSICAL DESCRIPTION | |
| Extent | 96 |
| 650 ## - SUBJECT ADDED ENTRY--TOPICAL TERM | |
| Topical term or geographic name as entry element | FAO |
| 856 ## - ELECTRONIC LOCATION AND ACCESS | |
| Uniform Resource Identifier | FAO |
No items available.